Statistics on Japanese spinning industry

保存先:
書誌詳細
フォーマット: 図書
言語:Undetermined
出版事項: Japan 1977
主題:
タグ: タグ追加
タグなし, このレコードへの初めてのタグを付けませんか!
Thư viện lưu trữ: Trung tâm Học liệu Trường Đại học Cần Thơ
LEADER 00398nam a2200157Ia 4500
001 CTU_96352
008 210402s9999 xx 000 0 und d
082 |a 338 
082 |b S797 
245 0 |a Statistics on Japanese spinning industry 
260 |a Japan 
260 |c 1977 
650 |a Industry 
650 |z Japan 
904 |i Tuyến 
980 |a Trung tâm Học liệu Trường Đại học Cần Thơ